Hỏi-đáp về đo lường vô tuyến điện

Đã lưu trong:
Bibliografiske detaljer
Hovedforfatter: Nguyễn An Ninh
Format: Bog
Sprog:Undetermined
Udgivet: Hà Nội KHKT 1976
Tags: Tilføj Tag
Ingen Tags, Vær først til at tagge denne postø!
Thư viện lưu trữ: Trung tâm Học liệu Trường Đại học Cần Thơ
LEADER 00476nam a2200157Ia 4500
001 CTU_46187
008 210402s9999 xx 000 0 und d
082 |a 621.3813 
082 |b N312/T2 
100 |a Nguyễn An Ninh 
245 0 |a Hỏi-đáp về đo lường vô tuyến điện 
245 0 |c Nguyễn An Ninh, Nguyễn Văn Quý 
260 |a Hà Nội 
260 |b KHKT 
260 |c 1976 
980 |a Trung tâm Học liệu Trường Đại học Cần Thơ